Özgür insan (Record no. 11387)

MARC details
000 -BAŞLIK
Sabit Uzunlukta Kontrol Alanı 00992na a2200325 4500
001 - KONTROL NUMARASI
Denetim Alanı 22172
003 - KONTROL NUMARASI IDENTIFIER
Denetim Alanı MIRAKIL
005 - SON İŞLEM TARİHİ VE ZAMANI
Denetim Alanı 20181226092843.0
008 - SABİT-BOY VERİ ELEMANLARI - GENEL BİLGİLER
Sabit Uzunlukta Kontrol Alanı 170214b tu n0 0 0
035 ## - SİSTEM KONTROL NUMARASI
Sistem Kontrol Numarası 20918
040 ## - KATALOGLAMA KAYNAK
Orijinal Kataloglama Ajansı Milas
Kataloglama Dili tur
Metne Dönüştürmek Ajansı TR-AnCHP
041 ## - DİL KODU
Metin / Ses Parça Veya Ayrı Başlığın Dil Kodu tur
090 ## - SINIFLAMA NUMARASI
Sınıflama Numarası 050 DER 36
222 ## - ANAHTAR ADI
Anahtar Başlık Özgür insan
245 ## - BAŞLIK TABLOSU
Başlık Özgür insan
Başlığın Kalan aylık dergi
Sorumluluk Tablosu, Vb sahibi ve sorumlu müdürü Önder Sav
246 ## - UNVAN FORM VARYING
Başlık Doğru / Kısa Başlığı Özgür insan dergisi
246 ## - UNVAN FORM VARYING
Başlık Doğru / Kısa Başlığı Özgür insan dergisi
260 ## - YAYIN, DAĞITIM, VB
Yayın, Dağıtım, Vb Yeri Ankara
Yayıncı, Dağıtıcı, Vs Adı Bilgi Basımevi
Yayın, Dağıtım, Vb Tarihi 1972-
300 ## - FİZİKSEL TANIM
Kapsam c.
Diğer Fiziksel Ayrıntıları res.
Boyutlar 24 sm.
362 ## - YAYIN VE / VEYA SIRALI GÖREVLENDİRİLMESİNE TARİHLERİ
Yayın Ve / Veya Ardışık Kullanım Amacı Tarihleri yıl 1, sayı 1 (1 Haziran 1972) -
500 ## - GENEL NOT
Genel Not Dergi Temmuz, 2012'den itibaren 1.sayıdan başlanarak yeniden yayınlanmaya başlanmıştır
500 ## - GENEL NOT
Genel Not Siyasete saygı. Siyasi aylık dergi
650 ## - KONU KATMA GİRİŞ - TOPİKAL DÖNEM
Topikal Süreli Veya Coğrafi Ad Giriş Elemanı Siyaset
Form Alt Bölümü Süreli yayınlar
651 ## - KONU KATMA GİRİŞ - COĞRAFİ ADI
Coğrafi İsim Türkiye
Form Alt Bölümü Süreli yayınlar
Genel Alt Bölümü Siyasal tarih
700 ## - KATMA GİRİŞ - KİŞİSEL İSİM
Kişisel Ad Sav, Önder
910 ## - KULLANICI SEÇENEK, VERİLERİN (OCLC)
Kullanıcı Seçenek Veri DERGİ 36
942 ## - EKLENDİ GİRİŞ ELEMANLARI (KOHA)
Sınıflandırma Veya Raf Düzeni Kaynak Dewey Decimal Classification
Koha Öğesi Türü Serials
999 ## - SİSTEM KONTROL NUMARALARI (KOHA)
Koha Biblionumber 11387
Koha Biblioitemnumber 11387
310 ## - MEVCUT YAYIN FREKANSI
Güncel Yayın Frekansı Aylık
655 ## - INDEX DÖNEM - TÜR / FORMU
-- Dergi
Holdings
Kullanım Kısıtlamaları Kalıcı Konum Mevcut Konum Edinme Tarihi Kodlu Konum Eleme Toplam Check-Out'Lar Tam Çağrı Numarası Barkod Tarih Son Görülme İtibaren Geçerli Fiyatlar Sigara Kamu Notu Koha Öğesi Türü
Kütüphane dışına çıkarılamaz CHP Kütüphanesi CHP Kütüphanesi 02/11/2017 SÜRELİ YAYINLAR   050 DER 99 D036 02/11/2017 02/11/2017 Serials